| 000 | 01463nam0a2200349 4500 | ||
|---|---|---|---|
| 001 | RU\NLR\BIBL_A\022003789 | ||
| 005 | 20231113171538.0 | ||
| 010 |
_a978-5-16-018971-0 _9400 |
||
| 021 |
_aRU _bКН-П-23-043990 _9КН-П-23-4397 |
||
| 035 | _a(NLR Aleph) 022003789 | ||
| 035 | _a(RuMoRGB)011916889 | ||
| 090 |
_a12462347 _c12462347 |
||
| 100 | _a20230811d2023 u y0rusy50 ca | ||
| 101 | 0 | _arus | |
| 102 | _aRU | ||
| 105 | _aac j 000zy | ||
| 181 | 0 |
_ai3 _baxxe |
|
| 182 | 0 | _an | |
| 200 | 1 |
_a1200 показателей KPI бизнес-процессов и примеры оптимизации _eпрактическое пособие _fР. А. Исаев |
|
| 203 |
_aТекст _bвизуальный _cнепосредственный |
||
| 210 |
_aМосква _cИНФРА-М _d2023 |
||
| 215 |
_a149 с. _cцв. ил., портр., табл. _d21 |
||
| 320 | _aБиблиогр.: с. 145 | ||
| 333 | _a16+ | ||
| 606 | 1 |
_aФирмы _xЭффективность _jПрактические пособия _2nlr_sh1 _2nlr_sh2 _3RU\NLR\AUTH\661203921 |
|
| 606 | 1 |
_aОрганизации _xСтратегическое управление _jПрактические пособия _2nlr_sh1 _2nlr_sh2 _3RU\NLR\AUTH\661415275 |
|
| 686 | 1 | _aУ21(0)24 | |
| 700 | 1 |
_aИсаев _bР. А. _gРоман Александрович |
|
| 942 | _cBOOK | ||
| 980 | _aNB | ||